[Event "OPEN 2024"]
[Site "SAINT DENIS LA REUNION"]
[Date "2024.10.12"]
[Round "1.1"]
[White "Libiszewski, Fabien"]
[Black "Jamond, Corentin"]
[Result "1-0"]
[WhiteElo "2492"]
[BlackElo "1582"]
[PlyCount "69"]
[EventDate "2024.??.??"]

1. e4 d5 2. exd5 Qxd5 3. Nf3 Bg4 4. Be2 Nc6 5. O-O O-O-O 6. h3 h5 7. Nc3 Qf5 8.
hxg4 hxg4 9. Nh2 e6 10. Bxg4 Qg6 11. Kh1 Bd6 12. Bh3 Rxh3 13. gxh3 Nf6 14. d4
Rh8 15. Rg1 Qf5 16. f4 Rxh3 17. Rg2 Bxf4 18. Bxf4 Qxf4 19. Ne2 Qe4 20. Ng1 Rh5
21. c3 g5 22. Qf3 Qg6 23. Rf1 Rh6 24. Qxf6 Qxf6 25. Rxf6 Rxf6 26. Ngf3 Ne7 27.
Rxg5 Ng6 28. Ne5 Nxe5 29. dxe5 Rf2 30. Rg2 Rf5 31. Ng4 c5 32. Rf2 Rh5+ 33. Kg2
Rh7 34. Kg3 Kd7 35. Nf6+ 1-0

[Event "OPEN 2024"]
[Site "SAINT DENIS LA REUNION"]
[Date "2024.10.12"]
[Round "1.2"]
[White "Khantalina, Ilariya"]
[Black "Fondrat, Johan"]
[Result "0-1"]
[WhiteElo "1576"]
[BlackElo "2051"]
[PlyCount "42"]
[EventDate "2024.??.??"]

1. e4 e5 2. Nf3 Nc6 3. Nc3 Nf6 4. d4 exd4 5. Nxd4 Bb4 6. Nf5 O-O 7. Bd3 d5 8.
O-O dxe4 9. Bxe4 Qxd1 10. Rxd1 Nxe4 11. Nh6+ gxh6 12. Nxe4 f5 13. Ng3 f4 14.
Nh5 Bg4 15. Nxf4 Bxd1 16. Be3 Bxc2 17. a3 Bd6 18. Nh3 Rf6 19. Rc1 Bf5 20. Nf4
Bxf4 21. Bxf4 Rc8 0-1

[Event "OPEN 2024"]
[Site "SAINT DENIS LA REUNION"]
[Date "2024.10.12"]
[Round "1.3"]
[White "Mezouaghi, Miloud"]
[Black "Legros-Vienne, Adrien"]
[Result "1-0"]
[WhiteElo "2034"]
[BlackElo "1544"]
[PlyCount "40"]
[EventDate "2024.??.??"]

1. d4 Nf6 2. c4 g6 3. Nc3 d5 4. cxd5 Nxd5 5. Bd2 Bg7 6. e4 Nf6 7. Nf3 Bg4 8.
Be3 a6 9. h3 Bc8 10. Qb3 O-O 11. Be2 b5 12. O-O Bb7 13. d5 c6 14. Rfd1 cxd5 15.
e5 Nfd7 16. Nxd5 Bc8 17. Nb6 Bb7 18. Nxd7 Nxd7 19. e6 fxe6 20. Qxe6+ Kh8 1-0

[Event "OPEN 2024"]
[Site "SAINT DENIS LA REUNION"]
[Date "2024.10.12"]
[Round "1.5"]
[White "Riviere, Etienne"]
[Black "Gauthier, Keanu"]
[Result "1-0"]
[WhiteElo "1977"]
[BlackElo "1522"]
[PlyCount "91"]
[EventDate "2024.??.??"]

1. Nf3 Nf6 2. g3 g6 3. Bg2 Bg7 4. O-O O-O 5. b3 d5 6. Bb2 c6 7. c4 Bg4 8. h3
Bxf3 9. Bxf3 d4 10. d3 e5 11. Na3 Na6 12. Nc2 Rb8 13. b4 Qd7 14. Bg2 b5 15. a4
bxc4 16. dxc4 Nxb4 17. Nxb4 Rxb4 18. Ba3 Rxc4 19. Bxf8 Bxf8 20. Rc1 Rxc1 21.
Qxc1 e4 22. Qc4 c5 23. a5 Qc7 24. a6 Qb6 25. f3 e3 26. f4 Bd6 27. Qa2 Bb8 28.
Rb1 Qd6 29. Rb7 Nd7 30. Qd5 Qf6 31. Qxd7 Bxf4 32. gxf4 Qxf4 33. Rxa7 Qf2+ 34.
Kh1 Qe1+ 35. Kh2 Qf2 36. Qxf7+ Qxf7 37. Rxf7 Kxf7 38. a7 Ke6 39. a8=Q Ke7 40.
Qc6 d3 41. Qxc5+ Kf7 42. Qxe3 d2 43. Qxd2 g5 44. Qxg5 h6 45. Bd5+ Kf8 46. Qf6+
1-0

[Event "OPEN 2024"]
[Site "SAINT DENIS LA REUNION"]
[Date "2024.10.12"]
[Round "1.6"]
[White "Fondrat, Thierry"]
[Black "Daniel, Antoine"]
[Result "0-1"]
[WhiteElo "1502"]
[BlackElo "1975"]
[PlyCount "110"]
[EventDate "2024.??.??"]

1. e4 Nf6 2. e5 Nd5 3. Nf3 d6 4. d4 Nb6 5. Nc3 Bg4 6. Be2 e6 7. O-O d5 8. a3 a5
9. Bg5 Be7 10. Bxe7 Qxe7 11. Nb5 O-O 12. b3 c6 13. Nd6 Nc8 14. Nxc8 Rxc8 15. c4
Nd7 16. Qd2 f6 17. Qf4 Bxf3 18. exf6 Qxf6 19. Qxf6 gxf6 20. Bxf3 f5 21. Rfe1
Kf7 22. g3 Nf6 23. Re3 Rd8 24. c5 Rg8 25. Kh1 h5 26. h4 Ng4 27. Re2 Rae8 28.
Bxg4 Rxg4 29. Rd1 Reg8 30. Re3 f4 31. Rf3 Ke7 32. Kh2 fxg3+ 33. fxg3 Rf8 34.
Kg2 Rxf3 35. Kxf3 Re4 36. Rd3 Kf6 37. Rd1 Kf5 38. Rd3 e5 39. dxe5 a4 40. b4
Kxe5 41. Kf2 Rc4 42. Rd2 Rc3 43. Ra2 Kf5 44. Kg2 Kg4 45. Re2 Rxg3+ 46. Kf2 Rf3+
47. Kg2 Rf7 48. Re3 Kxh4 49. Rh3+ Kg5 50. Kg3 Kf5 51. Rxh5+ Ke4 52. Kg2 d4 53.
Rh6 d3 54. Re6+ Kd4 55. Rd6+ Kc3 0-1

[Event "OPEN 2024"]
[Site "SAINT DENIS LA REUNION"]
[Date "2024.10.12"]
[Round "1.7"]
[White "Gretry, Patrice"]
[Black "Sandjivy, Jean Marc"]
[Result "1-0"]
[WhiteElo "1953"]
[BlackElo "1488"]
[PlyCount "23"]
[EventDate "2024.??.??"]

1. e4 c5 2. Nf3 Nc6 3. d4 cxd4 4. Nxd4 e5 5. Nb5 Nf6 6. N1c3 a6 7. Nd6+ Bxd6 8.
Qxd6 b5 9. Bg5 Qe7 10. Qd1 O-O 11. Nd5 Qd6 12. Nxf6+ 1-0

[Event "OPEN 2024"]
[Site "SAINT DENIS LA REUNION"]
[Date "2024.10.12"]
[Round "1.8"]
[White "Giraud, Marius"]
[Black "Davy, Igor"]
[Result "0-1"]
[WhiteElo "1476"]
[BlackElo "1928"]
[PlyCount "90"]
[EventDate "2024.??.??"]

1. e4 c5 2. Nf3 g6 3. Bc4 Bg7 4. Nc3 Nc6 5. O-O d6 6. d3 Nf6 7. Be3 O-O 8. h3
Na5 9. Bb3 Nxb3 10. axb3 Bd7 11. Ne2 Qc7 12. c4 a6 13. Qc2 b5 14. Rfd1 Bc6 15.
Qd2 Rfb8 16. Rdb1 Nd7 17. Ra2 a5 18. Rba1 b4 19. Bh6 Bh8 20. Ng3 Nf8 21. Nf5
gxf5 22. Qg5+ Ng6 23. exf5 Bf6 24. Qg3 Bxf3 25. gxf3 Kh8 26. fxg6 Rg8 27. g7+
Bxg7 28. Bg5 f6 29. Bf4 Bf8 30. Qxg8+ Kxg8 31. Kh2 Kh8 32. Rg1 e5 33. Bd2 f5
34. Rg2 f4 35. Ra1 Be7 36. Rag1 Bf6 37. Bc1 Qb7 38. Kh1 Qxf3 39. Kh2 Bh4 40.
Bd2 Bxf2 41. Rf1 Bg3+ 42. Kg1 Qxd3 43. Bc1 Qxb3 44. Kh1 Qxc4 45. Rfg1 a4 0-1

[Event "OPEN 2024"]
[Site "SAINT DENIS LA REUNION"]
[Date "2024.10.12"]
[Round "1.9"]
[White "Folio, Thomas"]
[Black "Benaich, Jules"]
[Result "1-0"]
[WhiteElo "1850"]
[BlackElo "1464"]
[PlyCount "53"]
[EventDate "2024.??.??"]

1. e4 c5 2. Nf3 d6 3. Bb5+ Nc6 4. O-O Bd7 5. Re1 Nf6 6. h3 a6 7. Bf1 e6 8. c3
Be7 9. d4 cxd4 10. cxd4 O-O 11. Nc3 h6 12. d5 Ne5 13. Nxe5 dxe5 14. d6 Bc6 15.
dxe7 Qxe7 16. Qf3 Rad8 17. Qg3 Kh8 18. Qxe5 Nd7 19. Qh5 Qf6 20. e5 Qg6 21. Qxg6
fxg6 22. Bc4 Nc5 23. Be3 Ne4 24. Nxe4 Bxe4 25. Bc5 Bf5 26. Bxf8 Rxf8 27. g4 1-0

[Event "OPEN 2024"]
[Site "SAINT DENIS LA REUNION"]
[Date "2024.10.12"]
[Round "1.10"]
[White "Khantalin, Irakliy"]
[Black "Andriandaza, Tombo Omar"]
[Result "0-1"]
[WhiteElo "1460"]
[BlackElo "1849"]
[PlyCount "38"]
[EventDate "2024.??.??"]

1. e4 c5 2. Nf3 d6 3. Nc3 a6 4. Bc4 e6 5. d4 cxd4 6. Nxd4 Nf6 7. O-O Be7 8. Bg5
O-O 9. f4 b5 10. Bd3 Qb6 11. Be2 e5 12. Bxf6 Bxf6 13. Nd5 Qxd4+ 14. Qxd4 exd4
15. Nb6 Ra7 16. e5 dxe5 17. fxe5 Bxe5 18. Rf5 Bxf5 19. Rf1 Bxc2 0-1

[Event "OPEN 2024"]
[Site "SAINT DENIS LA REUNION"]
[Date "2024.10.12"]
[Round "2.1"]
[White "Desire, Michael"]
[Black "Libiszewski, Fabien"]
[Result "0-1"]
[WhiteElo "1781"]
[BlackElo "2492"]
[PlyCount "62"]
[EventDate "2024.??.??"]

1. d4 Nf6 2. c4 g6 3. Nc3 Bg7 4. e4 d6 5. h4 Nc6 6. Be2 e5 7. Nf3 exd4 8. Nxd4
Nxe4 9. Be3 Nxc3 10. bxc3 h5 11. Qd2 Ne5 12. f3 O-O 13. O-O Re8 14. Rab1 a6 15.
f4 Ng4 16. Bxg4 hxg4 17. f5 c5 18. fxg6 fxg6 19. Bg5 Qc7 20. Nc2 Bf5 21. Rbd1
Qa5 22. Ne3 Qxc3 23. Qd5+ Be6 24. Qxb7 Rab8 25. Qc7 Bd4 26. Rxd4 Qxd4 27. Kh1
Rbc8 28. Qa7 Rf8 29. Rd1 Qe4 30. Rxd6 g3 31. Qb6 Rb8 0-1

[Event "OPEN 2024"]
[Site "SAINT DENIS LA REUNION"]
[Date "2024.10.12"]
[Round "2.7"]
[White "Larroque, Luca"]
[Black "Gretry, Patrice"]
[Result "1-0"]
[WhiteElo "1655"]
[BlackElo "1953"]
[PlyCount "111"]
[EventDate "2024.??.??"]

1. e4 d6 2. d4 Nf6 3. Nc3 g6 4. Nf3 c6 5. a4 a5 6. Be2 Bg7 7. O-O O-O 8. h3 Na6
9. Be3 Re8 10. Qd2 Nb4 11. Rfd1 Qc7 12. Bg5 Be6 13. Bd3 Nxd3 14. Qxd3 h6 15.
Bh4 Rad8 16. Rd2 Qb6 17. Rad1 Nh5 18. b3 g5 19. Bg3 Nxg3 20. fxg3 Bc8 21. Kh2
Qa7 22. g4 b6 23. d5 Ba6 24. Qe3 c5 25. Ne2 b5 26. axb5 Bxb5 27. Ng3 Qc7 28.
Nf5 e6 29. Nxg7 Kxg7 30. h4 exd5 31. hxg5 h5 32. gxh5 Rxe4 33. Qc3+ Kh7 34. Qf6
Qe7 35. g6+ Kg8 36. gxf7+ Kf8 37. Qh6+ Kxf7 38. Ng5+ Kg8 39. Nxe4 dxe4 40. Rxd6
Rxd6 41. Qxd6 Qh4+ 42. Kg1 Qxh5 43. Qd5+ Qf7 44. Qxf7+ Kxf7 45. Kf2 Ke6 46. c4
Bc6 47. Ra1 a4 48. bxa4 e3+ 49. Kxe3 Bxg2 50. Rd1 Bc6 51. a5 Ke7 52. Kf4 Bb7
53. Ke5 Bc6 54. a6 Ba4 55. Rd6 Bb3 56. a7 1-0

[Event "OPEN 2024"]
[Site "SAINT DENIS LA REUNION"]
[Date "2024.10.12"]
[Round "2.5"]
[White "Bah, Ismael"]
[Black "Riviere, Etienne"]
[Result "0-1"]
[WhiteElo "1707"]
[BlackElo "1977"]
[PlyCount "66"]
[EventDate "2024.??.??"]

1. b3 c5 2. Bb2 Nc6 3. Nf3 d6 4. e3 e5 5. c4 Bg4 6. Be2 Nf6 7. d3 Be7 8. O-O
O-O 9. Nc3 Re8 10. Nd2 Bxe2 11. Qxe2 d5 12. cxd5 Nxd5 13. Nxd5 Qxd5 14. e4 Qd7
15. Nc4 Bg5 16. Qh5 f6 17. Rfd1 Rad8 18. Qe2 Qe6 19. g3 Rd7 20. Bc1 Nd4 21. Qf1
Bxc1 22. Raxc1 Red8 23. Ne3 b6 24. Kg2 f5 25. f3 f4 26. Nd5 fxg3 27. hxg3 Rf7
28. f4 exf4 29. gxf4 Rxd5 30. exd5 Qg4+ 31. Kh1 Qh4+ 32. Kg1 Rxf4 33. Qxf4 Qxf4
0-1

[Event "OPEN 2024"]
[Site "SAINT DENIS LA REUNION"]
[Date "2024.10.12"]
[Round "2.6"]
[White "Daniel, Antoine"]
[Black "Lam Kin Cheung, Stephane"]
[Result "1-0"]
[WhiteElo "1975"]
[BlackElo "1694"]
[PlyCount "133"]
[EventDate "2024.??.??"]

1. d4 c5 2. d5 Nf6 3. c4 b5 4. cxb5 a6 5. bxa6 g6 6. Nc3 Bg7 7. e4 O-O 8. Nf3
Qa5 9. Bd2 Bxa6 10. Bxa6 Qxa6 11. Qe2 Qxe2+ 12. Kxe2 d6 13. Rhe1 Na6 14. a3
Rfb8 15. Rab1 Rb7 16. Kd3 Nc7 17. h3 Nd7 18. Kc2 c4 19. Be3 Rb3 20. Bd4 Bxd4
21. Nxd4 Rb7 22. Nc6 Kf8 23. f4 Nc5 24. e5 Nd3 25. Re4 Na6 26. Rxc4 Ndc5 27. b4
Nd7 28. exd6 exd6 29. Na5 Rc7 30. Rxc7 Nxc7 31. Nc4 Rc8 32. Nxd6 Ra8 33. Nc4
Rc8 34. Kb3 Nf6 35. Rd1 Rd8 36. d6 Ne6 37. g3 Nh5 38. Rd3 Nhxf4 39. gxf4 Nxf4
40. Re3 g5 41. Ne4 h6 42. Nf6 Kg7 43. Ne8+ Kf8 44. Nc7 h5 45. b5 g4 46. hxg4
hxg4 47. Re4 Nd3 48. Rxg4 Nc5+ 49. Kb4 Nb7 50. a4 Nxd6 51. Nxd6 Rxd6 52. Kc5 f5
53. Kxd6 fxg4 54. Nd5 g3 55. Ne3 Ke8 56. b6 g2 57. Nxg2 Kf7 58. b7 Kf6 59. b8=Q
Kf5 60. Qf8+ Ke4 61. Qf4+ Kd3 62. Kc5 Kc3 63. Qe3+ Kc2 64. Kc4 Kd1 65. Qf2 Kc1
66. Kc3 Kb1 67. Qb2# 1-0

[Event "OPEN 2024"]
[Site "SAINT DENIS LA REUNION"]
[Date "2024.10.12"]
[Round "2.2"]
[White "Fondrat, Johan"]
[Black "Payet, Nathan"]
[Result "1-0"]
[WhiteElo "2051"]
[BlackElo "1761"]
[PlyCount "78"]
[EventDate "2024.??.??"]

1. d4 Nf6 2. c4 g6 3. Nc3 d6 4. e4 Bg7 5. Be2 O-O 6. Be3 e5 7. d5 Nbd7 8. h4 h5
9. Bg5 Qe8 10. Nb5 Qd8 11. g4 a6 12. Nc3 hxg4 13. Bxg4 Qe8 14. Bf3 Nh7 15. Bd2
f5 16. h5 g5 17. h6 Bh8 18. Bh5 Qe7 19. exf5 Rxf5 20. Bg6 Rf8 21. Qc2 Nc5 22.
b4 Nd7 23. Ne4 Ndf6 24. Nxg5 Nxg5 25. Bxg5 e4 26. Rb1 Qe5 27. Bc1 Bf5 28. Bxf5
Qxf5 29. Rb3 Ng4 30. Rg3 Kh7 31. Nh3 Bd4 32. f3 Rae8 33. Rxg4 exf3+ 34. Kd1
Qxc2+ 35. Kxc2 Re2+ 36. Kd3 Be5 37. Ng5+ Kh8 38. Nxf3 Rxa2 39. Nxe5 dxe5 1-0

[Event "OPEN 2024"]
[Site "SAINT DENIS LA REUNION"]
[Date "2024.10.12"]
[Round "2.9"]
[White "Payet, Thomas"]
[Black "Folio, Thomas"]
[Result "1-0"]
[WhiteElo "1594"]
[BlackElo "1850"]
[PlyCount "101"]
[EventDate "2024.??.??"]

1. e4 c5 2. Nf3 Nc6 3. d4 cxd4 4. Nxd4 Nf6 5. Nc3 e6 6. Nxc6 bxc6 7. e5 Nd5 8.
Ne4 Qc7 9. f4 Qb6 10. c4 Ne3 11. Qd3 Bb4+ 12. Bd2 Nf5 13. g4 Nd4 14. O-O-O
Bxd2+ 15. Rxd2 c5 16. Nxc5 Qxc5 17. Qxd4 Qxd4 18. Rxd4 Bb7 19. Rg1 Rc8 20. b4
f6 21. Kb2 fxe5 22. fxe5 Rf8 23. Kb3 Rf3+ 24. Rd3 Rf2 25. h3 Ke7 26. Rc3 Rcf8
27. Bd3 g6 28. Rg3 Kd8 29. a4 Kc7 30. c5 Rd2 31. b5 Rf4 32. a5 Bd5+ 33. Bc4 Re4
34. b6+ axb6 35. cxb6+ Kb8 36. a6 Ree2 37. a7+ Kb7 38. Bxd5+ exd5 39. Rc7+ Kxb6
40. a8=Q Rb2+ 41. Kc3 Rbc2+ 42. Kb4 Kxc7 43. Rc3+ Rxc3 44. Kxc3 Rxe5 45. Kd4
Re6 46. Qa7+ Kd8 47. Kxd5 Ke7 48. Qc5+ Kf7 49. g5 Rc6 50. Qf2+ Ke7 51. Qh4 1-0

[Event "OPEN 2024"]
[Site "SAINT DENIS LA REUNION"]
[Date "2024.10.12"]
[Round "2.10"]
[White "Andriandaza, Tombo Omar"]
[Black "Carnazzi, Gabriel"]
[Result "0-1"]
[WhiteElo "1849"]
[BlackElo "1643"]
[PlyCount "108"]
[EventDate "2024.??.??"]

1. d4 Nf6 2. Nf3 d5 3. Bf4 e6 4. Nbd2 c5 5. c3 Nc6 6. e3 Nh5 7. Be5 Nf6 8. Be2
Nxe5 9. Nxe5 Bd6 10. f4 O-O 11. Bd3 Nd7 12. Qh5 g6 13. Qh6 Nxe5 14. fxe5 Be7
15. h4 f5 16. Nf3 Rf7 17. O-O-O c4 18. Bc2 Bd7 19. Rh3 b5 20. a3 a5 21. Rg3 Rg7
22. Ng5 Bxg5 23. Rxg5 b4 24. h5 Qe8 25. Rh1 Qf7 26. hxg6 Rxg6 27. Rhh5 Qg7 28.
Qxg7+ Kxg7 29. g4 b3 30. Bb1 h6 31. Rxg6+ Kxg6 32. Kd2 Rg8 33. Ke2 Kf7 34. Rxh6
Rxg4 35. Kf2 Kg7 36. Rh2 Be8 37. Rh1 Rg5 38. Rh3 Bh5 39. Rh1 Kh6 40. Rh2 Rg4
41. Rh1 Kg5 42. Rh2 Rh4 43. Rg2+ Bg4 44. Rg1 Rh2+ 45. Kg3 Rh3+ 46. Kf2 Kh4 47.
e4 fxe4 48. Bxe4 dxe4 49. Re1 Rf3+ 50. Kg2 Bh3+ 51. Kh2 Rf2+ 52. Kg1 Rg2+ 53.
Kh1 Rxb2 54. d5 exd5 0-1

[Event "OPEN 2024"]
[Site "SAINT DENIS LA REUNION"]
[Date "2024.10.12"]
[Round "2.3"]
[White "Sawmynaden, Righen Peroumal"]
[Black "Mezouaghi, Miloud"]
[Result "0-1"]
[WhiteElo "1744"]
[BlackElo "2034"]
[PlyCount "64"]
[EventDate "2024.??.??"]

1. e4 g6 2. Nf3 Bg7 3. d4 d6 4. h3 Nd7 5. Bd3 c5 6. dxc5 Nxc5 7. O-O Nxd3 8.
Qxd3 Nf6 9. e5 dxe5 10. Qxd8+ Kxd8 11. Nxe5 Be6 12. Na3 Nd5 13. Re1 a6 14. Bd2
Rc8 15. c4 Nf6 16. Ba5+ Ke8 17. Rad1 Nd7 18. f4 Bxe5 19. fxe5 b6 20. Bc3 g5 21.
Re4 Rg8 22. b3 Rg6 23. Bb4 Bf5 24. Re2 g4 25. h4 g3 26. Rd4 h5 27. Rf4 Be6 28.
Nc2 b5 29. Nd4 Bg4 30. Re1 bxc4 31. e6 fxe6 32. Rfe4 e5 0-1

[Event "OPEN 2024"]
[Site "SAINT DENIS LA REUNION"]
[Date "2024.10.12"]
[Round "2.8"]
[White "Davy, Igor"]
[Black "Frelicot, Eric"]
[Result "0-1"]
[WhiteElo "1928"]
[BlackElo "1668"]
[PlyCount "77"]
[EventDate "2024.??.??"]

1. e4 e6 2. d4 d5 3. exd5 exd5 4. c4 Nf6 5. Nc3 Bb4 6. a3 Bxc3+ 7. bxc3 Qe7+ 8.
Qe2 Qxe2+ 9. Bxe2 O-O 10. cxd5 Nxd5 11. c4 Nc3 12. Bd3 Re8+ 13. Be3 f5 14. Ne2
Nxe2 15. Bxe2 Nc6 16. d5 Ne5 17. O-O b6 18. c5 bxc5 19. Bxc5 a6 20. Rfe1 Bb7
21. d6 cxd6 22. Bxd6 Kh8 23. Bxa6 Nf3+ 24. gxf3 Bxa6 25. Rac1 Bb7 26. Kg2 Bd5
27. Kg3 g5 28. f4 h6 29. h4 Rxe1 30. Rxe1 Ra4 31. Bb4 g4 32. Re7 Be4 33. h5 Ra8
34. Bc3+ Kg8 35. Rg7+ Kf8 36. Kh4 Rc8 37. Be5 Rc1 38. Rg6 Rh1+ 39. Kg3 0-1

[Event "OPEN 2024"]
[Site "SAINT DENIS LA REUNION"]
[Date "2024.10.12"]
[Round "2.4"]
[White "Quere, Alexandre"]
[Black "Hoarau, Antoine"]
[Result "1/2-1/2"]
[WhiteElo "1989"]
[BlackElo "1722"]
[PlyCount "39"]
[EventDate "2024.??.??"]

1. d4 Nf6 2. c4 g6 3. Nc3 Bg7 4. e4 d6 5. Nf3 O-O 6. Be2 e5 7. d5 a5 8. Bg5 Na6
9. Nd2 h6 10. Bh4 Nc5 11. b3 Bd7 12. a3 Qe8 13. O-O Nfxe4 14. Ndxe4 Nxe4 15.
Nxe4 f5 16. f3 fxe4 17. fxe4 Rf4 18. Rxf4 exf4 19. Ra2 Qxe4 20. Bd3 1/2-1/2

[Event "OPEN 2024"]
[Site "SAINT DENIS LA REUNION"]
[Date "2024.10.12"]
[Round "1.4"]
[White "Lai-Cheung-Kit, Guillaume"]
[Black "Quere, Alexandre"]
[Result "0-1"]
[WhiteElo "1528"]
[BlackElo "1989"]
[PlyCount "84"]
[EventDate "2024.??.??"]

1. e4 Nf6 2. Nc3 d6 3. d4 Nbd7 4. Nf3 e5 5. Bc4 Be7 6. O-O h6 7. Re1 c6 8. dxe5
dxe5 9. Be3 Ng4 10. h3 Nxe3 11. Rxe3 Qc7 12. Bb3 Nc5 13. Qe2 a5 14. Rd1 b5 15.
a3 Nxb3 16. cxb3 Be6 17. Qc2 Rc8 18. Red3 O-O 19. Na2 f5 20. R3d2 Qb8 21. Nc1
c5 22. exf5 Bxf5 23. Qc3 e4 24. Qe5 Qxe5 25. Nxe5 Bf6 26. Ng4 Bd4 27. Ne3 Be6
28. b4 Bxe3 29. fxe3 axb4 30. axb4 cxb4 31. Rd4 Rc4 32. Rxc4 bxc4 33. Rd4 Ra8
34. Rxe4 Bf7 35. Kf2 Ra1 36. Ne2 Rb1 37. b3 Rxb3 38. Nc1 Rb2+ 39. Kf3 Bd5 40.
g4 Rc2 41. Ne2 Bxe4+ 42. Kxe4 Rxe2 0-1

[Event "OPEN 2024"]
[Site "SAINT DENIS LA REUNION"]
[Date "2024.10.12"]
[Round "3.1"]
[White "Libiszewski, Fabien"]
[Black "Calmels, Nicolas"]
[Result "1-0"]
[WhiteElo "2492"]
[BlackElo "1803"]
[PlyCount "41"]
[EventDate "2024.??.??"]

1. e4 d6 2. d4 Nf6 3. Nc3 g6 4. Bf4 Nh5 5. Be3 Nd7 6. Be2 Nhf6 7. f4 e5 8. dxe5
dxe5 9. fxe5 Nxe5 10. Qxd8+ Kxd8 11. O-O-O+ Nfd7 12. Nf3 Ng4 13. Bg5+ Be7 14.
Rhf1 c6 15. h3 Bxg5+ 16. Nxg5 Ne3 17. Nxf7+ Ke7 18. Nxh8 Nxd1 19. Rf7+ Kd6 20.
Nxd1 Ne5 21. Rxh7 1-0

[Event "OPEN 2024"]
[Site "SAINT DENIS LA REUNION"]
[Date "2024.10.12"]
[Round "3.2"]
[White "Delestage, Raphael"]
[Black "Fondrat, Johan"]
[Result "1-0"]
[WhiteElo "1787"]
[BlackElo "2051"]
[PlyCount "39"]
[EventDate "2024.??.??"]

1. e4 c6 2. d3 d5 3. Nd2 e5 4. Ngf3 Bd6 5. g3 Nf6 6. Bg2 O-O 7. O-O dxe4 8.
dxe4 Qe7 9. c3 Rd8 10. Qc2 a5 11. a4 Na6 12. Nc4 Bc7 13. b3 Nc5 14. Ba3 b6 15.
Rfd1 Ba6 16. Ne3 Qe6 17. Bxc5 bxc5 18. Nf5 g6 19. Ng5 Qe7 20. Nxe7+ 1-0

[Event "OPEN 2024"]
[Site "SAINT DENIS LA REUNION"]
[Date "2024.10.12"]
[Round "3.3"]
[White "Mezouaghi, Miloud"]
[Black "Frelicot, Eric"]
[Result "1-0"]
[WhiteElo "2034"]
[BlackElo "1668"]
[PlyCount "107"]
[EventDate "2024.??.??"]

1. e4 e6 2. d4 d5 3. Nc3 Nf6 4. Bg5 h6 5. Bxf6 gxf6 6. exd5 exd5 7. Qe2+ Be7 8.
O-O-O c6 9. g3 a6 10. Nh3 b5 11. Nf4 b4 12. Na4 Kf8 13. Bg2 Ra7 14. Rhe1 Rg8
15. Qh5 Kg7 16. Bf1 f5 17. Bd3 Bf6 18. Bxf5 Re7 19. Rxe7 Bxe7 20. Bxc8 Qxc8 21.
Qe5+ Kf8 22. Re1 Qd8 23. h4 Bf6 24. Qf5 Nd7 25. b3 Rg7 26. Re6 Kg8 27. Rd6 Qe7
28. Rxd7 Qe1+ 29. Kb2 Bxd4+ 30. c3 Qxf2+ 31. Qc2 bxc3+ 32. Nxc3 Qxc2+ 33. Kxc2
Rxg3 34. Nce2 Rg4 35. h5 Be3 36. Nd3 Bg5 37. Ne5 Rg2 38. Kd3 c5 39. Rxd5 Bf6
40. Nd7 Be7 41. Nxc5 Rh2 42. Nxa6 Rh3+ 43. Kc4 Re3 44. Nd4 Bf6 45. Nc5 Re1 46.
Nd3 Re4 47. a4 Be7 48. a5 Bf6 49. a6 Re7 50. b4 Bg5 51. Nc5 Bd2 52. b5 Re1 53.
Ndb3 Be3 54. a7 1-0

[Event "OPEN 2024"]
[Site "SAINT DENIS LA REUNION"]
[Date "2024.10.12"]
[Round "3.4"]
[White "Riviere, Etienne"]
[Black "Larroque, Luca"]
[Result "1-0"]
[WhiteElo "1977"]
[BlackElo "1655"]
[PlyCount "79"]
[EventDate "2024.??.??"]

1. Nf3 Nf6 2. d4 g6 3. Nbd2 d5 4. e3 Bg7 5. b4 O-O 6. c4 c6 7. Be2 Bf5 8. O-O
Nbd7 9. a4 a5 10. b5 Qc7 11. Bb2 Rfe8 12. Rc1 Qb8 13. Qb3 Be6 14. cxd5 cxd5 15.
Ba3 Ne4 16. b6 Qd8 17. Rc7 Rb8 18. Qb5 Ndf6 19. Qxa5 Bd7 20. Qb4 e6 21. Rfc1
Bc6 22. Qb3 Nxd2 23. Nxd2 Bf8 24. a5 Bd6 25. Bxd6 Qxd6 26. a6 Re7 27. Rxe7 Qxe7
28. a7 Ra8 29. Rxc6 bxc6 30. b7 Rxa7 31. b8=Q+ Kg7 32. g3 h5 33. h4 Ra1+ 34.
Kg2 Ra7 35. Q3b4 c5 36. Qxc5 Qxc5 37. dxc5 Ra2 38. Qb4 Rc2 39. Bd3 Rc1 40. Nb3
1-0

[Event "OPEN 2024"]
[Site "SAINT DENIS LA REUNION"]
[Date "2024.10.12"]
[Round "3.5"]
[White "Carnazzi, Gabriel"]
[Black "Daniel, Antoine"]
[Result "0-1"]
[WhiteElo "1643"]
[BlackElo "1975"]
[PlyCount "52"]
[EventDate "2024.??.??"]

1. d4 Nf6 2. c4 c5 3. d5 b5 4. cxb5 a6 5. e3 d6 6. Nc3 g6 7. Nf3 Bg7 8. e4 Nbd7
9. Bd2 O-O 10. a4 Rb8 11. Bc4 Ng4 12. Qc2 Nge5 13. Nxe5 Nxe5 14. b3 f5 15. exf5
Bxf5 16. Qc1 axb5 17. axb5 Bd3 18. Qd1 Bxc4 19. bxc4 Nd3+ 20. Ke2 Nxf2 21. Qc1
Nxh1 22. Qxh1 Bd4 23. Rf1 Qa5 24. Ne4 Qa2 25. Rc1 Rf4 26. Kd3 Rxe4 0-1

[Event "OPEN 2024"]
[Site "SAINT DENIS LA REUNION"]
[Date "2024.10.12"]
[Round "3.6"]
[White "Rosamel, Manua"]
[Black "Payet, Thomas"]
[Result "1-0"]
[WhiteElo "1818"]
[BlackElo "1594"]
[PlyCount "53"]
[EventDate "2024.??.??"]

1. e4 c5 2. Nf3 d6 3. d4 cxd4 4. Nxd4 Nf6 5. Nc3 Nc6 6. Be2 g6 7. O-O Bg7 8.
Be3 O-O 9. Qd2 Ng4 10. Bxg4 Bxg4 11. f4 Bd7 12. Rad1 a6 13. Nf3 Be6 14. Nd5 b5
15. Nd4 Rc8 16. c3 Nxd4 17. Bxd4 Bxd5 18. Bxg7 Kxg7 19. exd5 Rc4 20. Rde1 Re8
21. f5 b4 22. cxb4 Qb6+ 23. Kh1 Rxb4 24. f6+ Kh8 25. Qh6 Rg8 26. fxe7 Qb5 27.
Rxf7 1-0

[Event "OPEN 2024"]
[Site "SAINT DENIS LA REUNION"]
[Date "2024.10.12"]
[Round "3.7"]
[White "Caillens, Valentin"]
[Black "Quere, Alexandre"]
[Result "1/2-1/2"]
[WhiteElo "1299"]
[BlackElo "1989"]
[PlyCount "44"]
[EventDate "2024.??.??"]

1. d4 Nf6 2. c4 g6 3. g3 Bg7 4. Bg2 O-O 5. Nc3 d6 6. Nf3 a6 7. O-O Nc6 8. h3
Rb8 9. d5 Ne5 10. Nxe5 dxe5 11. Qd3 b5 12. cxb5 axb5 13. a3 e6 14. Rd1 exd5 15.
Nxd5 Nxd5 16. Bxd5 Qe7 17. h4 Kh8 18. Bg5 f6 19. Be3 Rd8 20. Qc3 Bf5 21. Rac1
Rd7 22. Bc5 Qd8 1/2-1/2

[Event "OPEN 2024"]
[Site "SAINT DENIS LA REUNION"]
[Date "2024.10.12"]
[Round "3.8"]
[White "Hoarau, Antoine"]
[Black "Allel, Gerard"]
[Result "1/2-1/2"]
[WhiteElo "1722"]
[BlackElo "1611"]
[PlyCount "122"]
[EventDate "2024.??.??"]

1. d4 Nf6 2. c4 g6 3. f3 Bg7 4. e4 d6 5. Nc3 O-O 6. Nge2 Nc6 7. Be3 e5 8. d5
Ne7 9. Qd2 c6 10. O-O-O c5 11. Bh6 a6 12. h4 b5 13. h5 bxc4 14. hxg6 fxg6 15.
Bxg7 Kxg7 16. Qh6+ Kf7 17. g4 Rh8 18. Qd2 Bd7 19. g5 Nh5 20. f4 Kg7 21. Rxh5
gxh5 22. Ng3 Bg4 23. Be2 h4 24. Bxg4 hxg3 25. f5 Kf8 26. Rh1 Qd7 27. g6 Nxg6
28. Qg5 Nf4 29. f6 Qf7 30. Qh6+ Ke8 31. Be6 Qg6 32. Qg7 Qxg7 33. fxg7 Ke7 34.
gxh8=Q Rxh8 35. Kd2 h5 36. Ne2 Nxe2 37. Kxe2 h4 38. Kf3 Kf6 39. Bh3 Kg5 40. Bf5
Rb8 41. Rb1 Rb4 42. Bh3 a5 43. Bf1 c3 44. b3 a4 45. Bc4 axb3 46. axb3 Rb7 47.
Rc1 Rf7+ 48. Kg2 Rf2+ 49. Kg1 h3 50. Bf1 h2+ 51. Kh1 Kf4 52. Bg2 c2 53. Re1 Rd2
54. Rf1+ Ke3 55. Re1+ Kd4 56. Bf3 Kc3 57. Be2 Rxe2 58. Ra1 Kb2 59. Rf1 c1=Q 60.
Rxc1 Kxc1 61. b4 cxb4 1/2-1/2

[Event "OPEN 2024"]
[Site "SAINT DENIS LA REUNION"]
[Date "2024.10.12"]
[Round "3.9"]
[White "Gretry, Patrice"]
[Black "Legros-Vienne, Adrien"]
[Result "1-0"]
[WhiteElo "1953"]
[BlackElo "1544"]
[PlyCount "75"]
[EventDate "2024.??.??"]

1. e4 c5 2. Nf3 d6 3. d4 cxd4 4. Nxd4 Nf6 5. Nc3 g6 6. Be3 Bg7 7. f3 Nc6 8. Qd2
Bd7 9. O-O-O h5 10. Kb1 a6 11. g3 b5 12. Nxc6 Bxc6 13. Nd5 Nxd5 14. exd5 Bb7
15. h4 e6 16. Qe2 O-O 17. dxe6 fxe6 18. Bg2 Qf6 19. Bd4 Bxf3 20. Bxf3 Qxf3 21.
Qxe6+ Kh7 22. Bxg7 Kxg7 23. Qe7+ Kh6 24. Qg5+ Kg7 25. Rhe1 Rae8 26. a3 Rf5 27.
Re7+ Rxe7 28. Qxe7+ Rf7 29. Qxd6 Qf6 30. Kc1 Qxd6 31. Rxd6 Rf6 32. Rxf6 Kxf6
33. Kd2 Kf5 34. Ke3 Kg4 35. Kf2 Kf5 36. Kf3 Ke5 37. Ke3 Kf5 38. b3 1-0